| 000 | 00402nam a22000977a 4500 | ||
|---|---|---|---|
| 008 | 150616b xxu||||| |||| 00| 0 eng d | ||
| 010 | _8HCCRSF:001 | ||
| 245 | _aHIGH COURT CRIMINAL SESSION No. 190 of 1968 Uganda Vs Juliana Utera | ||
| 260 | _aHigh Court Kampala | ||
| 500 | _3(Original Criminal Case No. MA. 702 of 1967 in the Chief Magistrate's Court of Gulu at Arua Before: M.Saied Esq., Chief Magistrate) | ||
| 999 |
_c6251 _d6251 |
||